000 00497nam a2200169Ia 4500
999 _c21909
_d21909
003 OSt
005 20201204144508.0
008 190216s9999||||xx |||||||||||||| ||und||
040 _coclc
082 _a954.83
_bGAN/K
100 _aGangadharan, T K
_91824
245 0 _aKerala Charitram /
_cT K Gangadharan
260 _bCalicut University Central Co-Operative,
_c2001.
_aKozhikode:
300 _a356p
650 _aHistory
942 _cBK
_2ddc
_h954.83
_iGAN/K
_k954.83
_mGAN/K